000 00436cam a22001934a 4500
005 20250605164332.0
008 250528s ||||||||||||||||||||||||d
035 _a23284
020 _a713123710
040 _aGR-AtMCL
_bgre
_dGR-AtMCL
_eAACR2
245 1 _aModern Mechanics
250 _a1st
260 _bArnold,
_c1972
300 _a349
700 1 _aWragg Christopher
_98871
942 _cBK
999 _c8312
_d8312